Normal view
MARC view
- Supervised by Dr. Ata-Ur-Rehman
Entry Corporate Name
001 - CONTROL NUMBER
- control field: 132583
003 - CONTROL NUMBER IDENTIFIER
- control field: NUST
005 - DATE AND TIME OF LATEST TRANSACTION
- control field: 20251226155724.0
008 - FIXED-LENGTH DATA ELEMENTS
- fixed length control field: 251226|| aca||aabn | a|a d
040 ## - CATALOGING SOURCE
- Original cataloging agency: NUST
- Transcribing agency: NUST
110 ## - HEADING--CORPORATE NAME
- Corporate name or jurisdiction name as entry element: Supervised by Dr. Ata-Ur-Rehman
670 ## - SOURCE DATA FOUND
- Source citation: Work cat.: (NUST)603265: Saleem, Ibrahim 118289, Bolte Haath /
